MARC details
| 000 -CABECERA |
| campo de control de longitud fija |
01003nam a2200253 u 4500 |
| 001 - NÚMERO DE CONTROL |
| campo de control |
000025044 |
| 005 - FECHA Y HORA DE LA ÚLTIMA TRANSACCIÓN |
| campo de control |
20200930023529.0 |
| 008 - DATOS DE LONGITUD FIJA--INFORMACIÓN GENERAL |
| campo de control de longitud fija |
110209s1964 ck r 000 0 spa d |
| 040 ## - FUENTE DE LA CATALOGACIÓN |
| Centro catalogador/agencia de origen |
DO-SdBNP |
| Lengua de catalogación |
spa |
| Centro/agencia transcriptor |
BNPHU |
| 041 17 - CÓDIGO DE LENGUA |
| Código de lengua del texto/banda sonora o título independiente |
spa |
| Código de lengua original |
eng |
| Fuente del código |
Código de idiomas MARC |
| 082 ## - NÚMERO DE LA CLASIFICACIÓN DECIMAL DEWEY |
| Número de clasificación |
nn* |
| Número de documento/Ítem |
nn* |
| 049 ## - FONDOS LOCALES (OCLC) |
| Fondos de biblioteca |
BNGR |
| 100 1# - ENTRADA PRINCIPAL--NOMBRE DE PERSONA |
| Nombre de persona |
Eisenhower, Milton S. |
| 9 (RLIN) |
51380 |
| 240 14 - TÍTULO UNIFORME |
| Título uniforme |
The wine is bitter. |
| Lenguaje de la obra |
Español |
| 245 10 - MENCIÓN DE TÍTULO |
| Título |
Vino amargo : |
| Resto del título |
Estados Unidos y América Latina / |
| Mención de responsabilidad, etc. |
Milton S. Eisenhower ; traducción de Antonio Panesso Robledo ; traducción del prólogo de Alvaro Teixeira Soares ; introducción de Juscelno Kubitschek. |
| 260 ## - PUBLICACIÓN, DISTRIBUCIÓN, ETC. |
| Lugar de publicación, distribución, etc. |
Bogotá : |
| Nombre del editor, distribuidor, etc. |
Tercer Mundo, |
| Fecha de publicación, distribución, etc. |
1964. |
| 300 ## - DESCRIPCIÓN FÍSICA |
| Extensión |
375 p. ; |
| Dimensiones |
22 cm. |
| 490 1# - MENCIÓN DE SERIE |
| Mención de serie |
Problemas de América |
| Designación de volumen o secuencia |
3 |
| 534 ## - NOTA SOBRE LA VERSIÓN ORIGINAL |
| Encabezamiento principal del original |
Edición inglesa de la obra : |
| Mención de título del original |
The wine is bitter |
| 700 1# - PUNTO DE ACCESO ADICIONAL--NOMBRE DE PERSONA |
| Nombre de persona |
Panesso Robledo, Antonio, |
| Término indicativo de función/relación |
tr. |
| 9 (RLIN) |
51381 |
| 700 1# - PUNTO DE ACCESO ADICIONAL--NOMBRE DE PERSONA |
| Nombre de persona |
Teixeira Robledo, Alvaro, |
| Término indicativo de función/relación |
tr. |
| 9 (RLIN) |
51382 |
| 700 1# - PUNTO DE ACCESO ADICIONAL--NOMBRE DE PERSONA |
| Nombre de persona |
Kubitschek, Juscelno, |
| Término indicativo de función/relación |
introd. |
| 9 (RLIN) |
51383 |
| 830 #0 - PUNTO DE ACCESO ADICIONAL DE SERIE-TÍTULO UNIFORME |
| Título uniforme |
Problemas de América |
| Designación de volumen o secuencia |
3 |
| 9 (RLIN) |
51384 |